[Event "106th British-ch 2019"]
[Site "Torquay"]
[Date "2019.07.31"]
[Round "5.6"]
[White "Pert, Nicholas"]
[Black "Houska, Jovanka"]
[Result "1/2-1/2"]
[WhiteElo "2563"]
[BlackElo "2422"]
[Annotator "TA"]
[PlyCount "60"]
[EventDate "2019.07.27"]
[EventType "swiss"]
[EventCountry "GBR"]
[SourceTitle "playchess.com"]
[Source "ChessBase"]
[SourceQuality "1"]

{[%evp 9,60,19,20,23,18,19,36,10,23,9,72,78,73,73,73,71,70,60,78,65,94,66,81,32,40,45,42,22,51,45,45,28,23,26,33,28,24,14,35,34,38,27,30,0,10,10,10,0,0,0,9,0,0]} 1. d4 d5 2. c4 e6 3. Nf3 Nf6 4. Nc3 Nbd7 5. Bf4 dxc4 6. e3 {D37: Queen's Gambit Declined: 5 Bf4} b5 (6... Nd5 7. Bxc4 Nxf4 8. exf4 Nb6 9. Bb3 Bd6 10. g3 Bd7 11. O-O O-O 12. Qd3 Bc6 13. Rad1 Qf6 14. Ne5 Bxe5 15. fxe5 Qf3 16. Qxf3 Bxf3 {½-½ (32) Wojtaszek,R (2727)-Wang,H (2722) Porto Carras 2018}) 7. Nxb5 Bb4+ 8. Nd2 {White is slightly better.} Nd5 9. Bg3 a6 (9... N7b6 $1 $11) 10. Nc3 $1 $16 c5 $146 ({Predecessor:} 10... Nxc3 11. bxc3 Bxc3 12. Rc1 Ba5 13. Bxc4 O-O {½-½ (31) Huber,M (2373)-Marek,M (2403) Celje 2016}) 11. Rc1 cxd4 12. exd4 Bb7 13. Nxc4 O-O 14. Be2 f5 {[#] White must now prevent ...f4.} 15. f3 $1 N7b6 16. Qd2 Rc8 17. Nxb6 Qxb6 18. O-O f4 19. Bf2 Qa5 {[%cal Rd5c3]} 20. a3 Bxc3 21. bxc3 Nxc3 22. Be1 {[%cal Rc1c3]} Nxe2+ 23. Qxe2 Qd5 24. Bf2 Rxc1 25. Rxc1 Rc8 26. Re1 Kf7 {The position is equal.} 27. Qd2 Qf5 28. Re5 Qb1+ 29. Re1 Qf5 30. Re5 Qb1+ {Accuracy: White = 69%, Black = 75%.} 1/2-1/2

[Event "106th British-ch 2019"]
[Site "Torquay"]
[Date "2019.07.31"]
[Round "5.7"]
[White "D'costa, Lorin Ar"]
[Black "Gordon, Stephen J"]
[Result "0-1"]
[WhiteElo "2396"]
[BlackElo "2516"]
[Annotator "TA"]
[PlyCount "82"]
[EventDate "2019.07.27"]
[EventType "swiss"]
[EventCountry "GBR"]
[SourceTitle "playchess.com"]
[Source "ChessBase"]
[SourceQuality "1"]

{[%evp 14,82,10,0,0,-4,0,0,4,-8,1,-10,20,25,28,-8,-12,-13,0,0,0,0,0,0,0,11,80,0,52,40,54,42,79,18,22,18,64,25,26,29,46,0,0,0,0,0,0,-69,0,-28,0,-55,0,0,14,0,0,0,0,0,10,0,0,-96,-54,-323,-313,-1509,-1397,-2542,-2167]} 1. e4 c5 2. Nc3 Nc6 3. Nf3 e5 4. Bc4 d6 5. d3 Be7 6. O-O Nf6 7. Ng5 O-O 8. f4 Bg4 {B30: Sicilian: 2...Nc6 3 Bb5, lines without ...g6} 9. Nf3 exf4 10. Bxf4 Nd4 {The position is equal.} 11. Kh1 Qd7 12. Qd2 Nxf3 $146 ({Predecessor:} 12... Bxf3 13. gxf3 b5 14. Bb3 a5 15. Nd5 a4 16. Nxf6+ Bxf6 {½-½ (29) Gelfand,B (2700)-Leko,P (2746) Budapest 2003}) 13. gxf3 Be6 14. Bb3 b5 15. Rg1 Kh8 16. Qg2 {[%csl Gg1][%cal Rg2g7]} g6 17. Bh6 $36 {[%mdl 2048] White is more active.} Rg8 18. f4 c4 {...Ng4 is the strong threat.} 19. dxc4 Bxc4 (19... bxc4 $11 20. f5 cxb3 21. fxe6 (21. axb3 Nh5 $14) 21... fxe6) 20. Rad1 (20. Bxc4 $16 bxc4 21. Rad1) 20... Qc7 ({Better is} 20... Bxb3 $11 21. axb3 (21. cxb3 b4 $11) 21... b4) 21. Rd4 Rab8 22. Bg5 Bxb3 23. axb3 (23. cxb3 $16 Rge8 24. Rgd1) 23... b4 $11 24. Nd1 {[%cal Bc3d1,Bd1e3,Be3d5][%mdl 32]} Nh5 25. Rc4 (25. Ne3 $5 {[%cal Re3d5]} Bxg5 26. fxg5 $16 (26. Qxg5 f6 $14)) 25... Qb7 26. Ne3 Rgc8 27. Nd5 Rxc4 $1 28. bxc4 Bxg5 $1 29. fxg5 b3 30. c3 (30. Qd2 $11) 30... Qc8 (30... Re8 $1 $15) 31. Qe2 Qe6 32. Qf3 (32. Ra1 $11) 32... Kg7 ({Black should play} 32... Re8 $15 33. Re1 Rc8) 33. Ra1 $1 {[%cal Ra1a7]} Rb7 34. Ra6 {Threatens to win with c5!} Qe5 $1 35. Qe3 $1 {[%cal Re3d4] Strongly threatening Qd4.} Kg8 36. Rc6 f6 37. gxf6 Nxf6 38. Kg1 {[#]} (38. Nxf6+ $11 Qxf6 39. Kg2) 38... Ng4 $1 $17 39. Qe2 $2 {[%mdl 8192] [#]} (39. Rc8+ $15 Kg7 40. Qd4) 39... Qg5 $1 $19 {White must now prevent ...Ne5+.} 40. Rxd6 $2 (40. Rc8+ Kg7 41. Rc7+ Rxc7 42. Nxc7 Qc1+ 43. Kg2) 40... Rf7 {aiming for ...Nf2+.} 41. Rd8+ Kg7 {Accuracy: White = 24%, Black = 52%.} 0-1

[Event "106th British-ch 2019"]
[Site "Torquay"]
[Date "2019.07.31"]
[Round "5.8"]
[White "Pigott, John C"]
[Black "Emms, John M"]
[Result "1/2-1/2"]
[WhiteElo "2384"]
[BlackElo "2481"]
[Annotator "TA"]
[PlyCount "94"]
[EventDate "2019.07.27"]
[EventType "swiss"]
[EventCountry "GBR"]
[SourceTitle "playchess.com"]
[Source "ChessBase"]
[SourceQuality "1"]

{[%evp 11,94,0,12,5,18,14,10,6,12,3,23,14,20,21,23,23,28,0,22,16,22,26,29,7,8,7,10,6,14,11,31,-8,9,0,0,0,0,0,0,0,0,-3,-3,-3,-3,-3,-3,-12,-7,-14,-14,-39,-21,-46,-50,-45,-52,-53,0,-70,-12,-59,0,-66,0,0,0,-94,0,0,0,-38,7,-38,0,-38,-6,-38,0,-38,0,-38,0,-38,0]} 1. c4 c5 2. Nc3 g6 3. g3 Bg7 4. Bg2 Nc6 5. Nf3 d6 6. O-O e6 7. b3 {A37: Symmetrical English vs ...g6: 4 Bg2 Bg7 5 Nf3} (7. e3 Nge7 8. d4 O-O 9. Re1 Rb8 10. b3 e5 11. dxe5 dxe5 12. Ba3 Qa5 13. Qc1 e4 14. Nxe4 f5 15. Bb2 fxe4 16. Ng5 Ne5 17. Bxe4 {0-1 (27) Yu,Y (2739)-Jones,G (2702) Hengshui 2019}) 7... Nge7 8. Bb2 O-O 9. e3 {The position is equal.} e5 10. d3 h6 11. Ne1 Be6 12. Nd5 Qd7 13. Qd2 $146 ({Predecessor:} 13. Nc2 Bh3 14. Qd2 Bxg2 15. Kxg2 {0-1 (28) Maczkowiak,T (1843)-Boschek,H (1867) Cologne 2012}) 13... Rad8 14. Rc1 b6 15. Nc2 Bh3 16. Bxh3 Qxh3 17. e4 f5 18. f3 h5 19. Qg2 Qxg2+ 20. Kxg2 g5 21. h3 Kh7 22. Rce1 Rf7 23. g4 f4 24. Bc3 Kg6 25. Na3 Bf6 26. Nb5 Rh7 27. Rh1 Nc8 28. Rb1 Rdh8 29. Rbf1 Bd8 30. Be1 a6 31. Na3 Rb7 32. Bf2 N8e7 33. Nc2 b5 34. Rb1 Ba5 (34... b4 $15) 35. Rhd1 (35. gxh5+ $11 Rxh5 36. a3) 35... Ra8 (35... Nxd5 $15 36. gxh5+ Rxh5 37. cxd5 Nb4 38. Nxb4 Bxb4) 36. Rh1 Nxd5 (36... h4 $1 $15) 37. exd5 (37. cxd5 $11 Nb4 38. Nxb4 Bxb4 39. gxh5+ Kxh5 40. Rbg1) 37... Nb4 ({Black should play} 37... Nd8 $15) 38. Nxb4 $11 Bxb4 39. Rhd1 (39. gxh5+ $11 Kxh5 40. Rbg1) 39... a5 ({Better is} 39... Rh8 $17) 40. a4 bxa4 41. bxa4 Rab8 42. Rb3 Rh7 43. Rh1 Rbh8 44. Rbb1 Kf7 45. Rbc1 Kf6 46. Rb1 Kg6 47. Rbc1 Kf6 {Accuracy: White = 47%, Black = 40%.} 1/2-1/2

[Event "106th British-ch 2019"]
[Site "Torquay"]
[Date "2019.07.31"]
[Round "5.9"]
[White "Ashton, Adam G"]
[Black "Fernandez, Daniel Howard"]
[Result "1/2-1/2"]
[WhiteElo "2323"]
[BlackElo "2466"]
[Annotator "TA"]
[PlyCount "112"]
[EventDate "2019.07.27"]
[EventType "swiss"]
[EventCountry "GBR"]
[SourceTitle "playchess.com"]
[Source "ChessBase"]
[SourceQuality "1"]

{[%evp 9,112,20,19,18,29,20,22,6,21,13,17,0,0,0,0,0,0,-5,-10,-21,0,6,4,-24,1,0,0,0,0,0,0,0,0,0,0,-16,0,0,0,0,0,0,0,14,22,-13,-22,-17,-23,-33,-33,-29,-29,-26,-32,-25,-21,-33,-22,-42,-44,-42,-42,-42,-43,-42,-49,-45,-26,-100,-58,-61,-56,-68,-61,-78,-63,-62,-16,-18,0,0,0,0,0,0,0,0,0,0,0,0,0,0,0,0,0,0,0,0,0,0,0,0,0]} 1. e4 c6 2. d4 d5 3. e5 a6 (3... Bf5 4. Nf3 e6 5. Be2 c5 6. Be3 Qb6 7. Nc3 Nc6 8. O-O Qxb2 9. Qe1 cxd4 10. Bxd4 Nxd4 11. Nxd4 Bb4 12. Ndb5 Ba5 13. Rb1 Qxc2 14. Rb3 Ne7 15. Nd6+ Kf8 16. Nxb7 Bb6 17. Nd6 Ba5 18. Nb7 Bb6 19. Nd6 Ba5 20. Nb7 {½-½ (20) Vachier Lagrave,M (2773)-Anand,V (2774) Karlsruhe/Baden Baden 2019}) 4. Bd3 c5 5. c3 Nc6 6. Ne2 {B12: Caro-Kann: Advance Variation} Bg4 7. f3 Bd7 8. O-O $146 ({Predecessor:} 8. Be3 cxd4 9. cxd4 Nb4 10. Nbc3 Nxd3+ 11. Qxd3 {0-1 (41) Maza Broto,P (1981)-Gomez Luesia,J (2181) Aragon 2007}) 8... cxd4 9. cxd4 Nb4 10. Nbc3 Nxd3 11. Qxd3 e6 12. Be3 Rc8 13. Ng3 h5 14. Nge2 Qb6 15. Rac1 Ne7 16. Bf2 Nc6 17. Na4 Qb5 18. Qxb5 axb5 19. Nb6 Rb8 20. Bh4 Bb4 21. Be1 Be7 22. f4 g6 23. Rf3 b4 24. a3 bxa3 25. bxa3 Bd8 26. Rb3 Na7 27. Nxd7 Kxd7 28. Bb4 {[#] And now Bd6 would win.} b6 29. Bd6 Rc8 30. Rxc8 Nxc8 31. Bb4 Na7 32. Kf2 Nc6 33. Ke3 f6 34. exf6 Bxf6 35. Bc3 Kc7 36. Ng1 g5 37. fxg5 Bxg5+ 38. Ke2 Ra8 39. Bb2 (39. Kd3 $11) 39... Bf6 40. Nf3 Na5 41. Rd3 Nc4 42. Bc1 Be7 43. Ne5 Bxa3 (43... Nxe5 {is interesting.} 44. dxe5 Ra4 45. Rh3 h4 46. g3 Rc4) 44. Bxa3 {The position is equal.} Rxa3 45. Nxc4 Rxd3 46. Kxd3 dxc4+ 47. Kxc4 $15 {[%mdl 4096] Endgame K3P-K3P} Kc6 48. g3 b5+ {[%cal Bb6b5,Bb5b4][%mdl 32]} 49. Kd3 Kd5 50. h3 $1 b4 51. g4 hxg4 52. hxg4 {[#] Black must now prevent g5.} e5 53. dxe5 Kxe5 54. Kc4 Kf4 55. Kxb4 Kg5 56. Kc4 Kxg4 {Accuracy: White = 66%, Black = 68%.} 1/2-1/2

[Event "106th British-ch 2019"]
[Site "Torquay"]
[Date "2019.07.31"]
[Round "5.10"]
[White "Toma, Katarzyna"]
[Black "Arkell, Keith C"]
[Result "1-0"]
[WhiteElo "2229"]
[BlackElo "2461"]
[Annotator "TA"]
[PlyCount "69"]
[EventDate "2019.07.27"]
[EventType "swiss"]
[EventCountry "GBR"]
[SourceTitle "playchess.com"]
[Source "ChessBase"]
[SourceQuality "1"]

{[%evp 13,69,46,56,2,25,6,51,7,102,79,77,93,124,124,264,103,104,100,117,112,177,150,998,982,2577,2564,2489,2490,2291,2260,2068,1839,1648,1281,1281,673,637,351,339,320,265,254,208,216,734,520,521,367,357,339,654,654,879,909,879,886,848,824]} 1. e4 g6 2. d4 Bg7 3. Nc3 c6 4. Nf3 d5 5. h3 dxe4 6. Nxe4 Nd7 7. Bd3 Ngf6 8. c3 {B15: Caro-Kann: 3 Nc3: 3...g6 and 3...dxe4 4 Nxe4 Nf6 5 Nxf6+ exf6} (8. Nxf6+ $14 Nxf6 9. O-O) 8... O-O 9. O-O b6 10. Neg5 $146 {White is slightly better.} ({Predecessor:} 10. Qe2 Bb7 11. a4 Nxe4 12. Bxe4 Qc7 13. Re1 e6 14. Bg5 c5 15. Bxb7 Qxb7 {½-½ (26) Kalegin,E (2489)-Sanduleac,V (2435) Evpatoria 2009}) 10... h6 (10... Bb7 $11 {keeps the balance.}) 11. Nxf7 $1 $16 Kxf7 12. Nh4 g5 13. Ng6 Re8 {[#]} (13... Kg8 $16) 14. Ne5+ $2 (14. f4 $1 $18 {and the rest is easy.}) 14... Kg8 {[#] Strongly threatening ...Nxe5.} 15. f4 $1 ({Avoid the trap} 15. Nxc6 $2 Qc7 $19) 15... gxf4 16. Bxf4 Nxe5 (16... Bb7 $16 {keeps fighting.}) 17. dxe5 $18 Nd5 $2 {[#]} (17... Qd5 $16 18. exf6 exf6) 18. Bxh6 $1 {[%mdl 512]} Bxh6 19. Qh5 {White threatens Qg6+ and mate.} Nf4 20. Rxf4 {Intending Qg6+ and mate.} Qxd3 21. Qxe8+ Kh7 22. Qxe7+ Kg8 23. Qf7+ Kh8 24. Rf3 Qd7 25. Qg6 Qg7 26. Qe8+ ({Stronger than} 26. Qxc6 Bb7 $11) 26... Qg8 27. Qxc6 Be6 28. Rd1 {[%cal Ba1d1,Bd1d4,Bd4h4][%mdl 32]} Re8 $2 (28... Rc8 29. Qe4 Qh7 30. Qxh7+ Kxh7) 29. Rd4 {Threatens to win with Rh4!} Re7 {[#]} 30. Rh4 $1 Qg5 31. Qa8+ Kh7 $2 (31... Bg8 32. Rg4 Qc1+ 33. Kh2 (33. Rf1 Qe3+ 34. Kh1 Rg7 $16) 33... Rg7) 32. Qe4+ {White is clearly winning.} Kg8 33. Kh2 Rg7 34. Rf6 {[%mdl 64] Double Attack} Qg3+ {[#]} 35. Kh1 $1 {Accuracy: White = 49%, Black = 19%.} 1-0

[Event "106th British-ch 2019"]
[Site "Torquay"]
[Date "2019.07.31"]
[Round "5.11"]
[White "Taylor, Adam C"]
[Black "Storey, Charles H"]
[Result "1/2-1/2"]
[WhiteElo "2402"]
[BlackElo "2261"]
[Annotator "TA"]
[PlyCount "140"]
[EventDate "2019.07.27"]
[EventType "swiss"]
[EventCountry "GBR"]
[SourceTitle "playchess.com"]
[Source "ChessBase"]
[SourceQuality "1"]

{[%evp 9,140,60,69,71,65,66,71,56,50,-6,6,0,12,-45,-39,-37,-20,-42,-47,-49,-66,-56,-58,-59,-57,-90,0,-96,-47,-47,-26,-31,-31,-25,-27,-21,0,0,0,-72,0,0,0,-24,0,-1,0,0,43,0,2,-6,-19,-113,51,49,67,42,403,396,518,511,512,481,506,505,419,233,233,244,227,164,148,16,19,22,19,23,19,25,106,8,8,8,10,16,18,20,167,8,77,0,0,0,0,0,0,0,0,0,0,0,0,0,0,0,0,0,5057,5057,5057,5057,5057,5035,5027,5020,5015,0,0,0,0,0,0,0,0,0,0,0,0,0,0,0,0]} 1. d4 g6 2. e4 Bg7 3. Nc3 c5 4. dxc5 Bxc3+ 5. bxc3 Nf6 (5... Qa5 6. Bd3 Nf6 7. Ne2 Qxc5 8. O-O b6 9. Rb1 Ba6 10. Be3 Qc7 11. f4 d6 {0-1 (43) Saric,I (2669)-Piorun,K (2651) Katowice 2017}) 6. e5 {B06: Modern Defence} Ne4 7. Bc4 {Qd5! is the strong threat.} Nxc5 8. Qd5 {[%csl Gc4][%cal Rd5f7] White is better.} Ne6 9. Be3 (9. Nf3 $14) 9... Nc6 10. Nf3 b6 $146 ({Predecessor:} 10... Qa5 11. Qxa5 Nxa5 {0-1 (40) He,B (1704)-Dalton,J (1825) Enfield 2015}) 11. O-O ({White should try} 11. Qe4 $11) 11... Bb7 $15 12. Qd2 Qc7 13. Bd5 Na5 14. Rfd1 Bxd5 15. Qxd5 Qc6 16. Qxc6 Nxc6 17. Nd4 Rc8 (17... Nxe5 $17 18. Nxe6 dxe6) 18. a4 (18. Nxc6 $1 $11 Rxc6 19. a4) 18... Nexd4 19. cxd4 Na5 20. Bd2 Nc4 21. a5 b5 22. a6 d5 23. Bb4 Kd7 24. Rd3 (24. Rdb1 $11 {remains equal.}) 24... Rc7 (24... Nb6 $17) 25. Rf3 Ke6 26. h4 Rb8 27. Rb3 Kd7 28. h5 g5 29. g3 Rc6 30. Rf3 Ke6 31. Bc5 (31. Rb3 $1 $11) 31... Rxc5 $2 (31... Nd2 $1 $17 {[%cal Rd2f3]} 32. Rfa3 (32. Rd3 Ne4 $17) 32... Rc7) 32. dxc5 $14 Nxe5 $17 {[%mdl 4096] Endgame KRR-KRN} 33. Rb3 (33. Re1 $5 {[%cal Rf3e3]} d4 34. Rb3 $14) 33... Kd7 $2 {[%mdl 8192]} (33... Nc6 $1 $14) 34. Rab1 $18 Kc6 35. Re1 f6 36. f4 gxf4 37. gxf4 Rg8+ 38. Kf1 (38. Kh1 $142) 38... Nc4 39. Rxe7 Nd2+ 40. Ke2 Rg2+ 41. Kd3 (41. Ke3 $1 $16) 41... Nxb3 $11 42. cxb3 {Hoping for b4.} Kxc5 43. Rxa7 {KR-KR} Rg3+ 44. Ke2 Kb6 $1 {[%cal Rb6a7] [#]} 45. Rxh7 (45. Rf7 $1 $16 Kxa6 46. Rxf6+ (46. Rxh7 Rxb3 47. Rd7 Rh3 $11) 46... Ka5 47. Rh6) 45... Kxa6 46. b4 {Strongly threatening Kf2.} Rb3 47. Rf7 Rxb4 48. Rxf6+ Ka5 {[#]} (48... Kb7 $11 {and Black has nothing to worry.}) 49. Kf3 $2 (49. Rf8 $1 $18) 49... Rb1 50. Rd6 ({White should play} 50. Rf8 $16) 50... Rf1+ 51. Kg4 b4 52. Rxd5+ Ka4 $1 53. h6 {Threatens to win with h7.} Rg1+ $1 54. Kh5 b3 55. Rd7 b2 56. Ra7+ Kb3 57. Rb7+ Kc2 58. f5 b1=R $2 {[%mdl 8192]} (58... Rh1+ $11 59. Kg6 Rg1+ 60. Kf7 Rh1) 59. Rxb1 $18 Rxb1 {KR-KPP} 60. f6 Rh1+ 61. Kg5 Rg1+ 62. Kf5 Rf1+ 63. Ke5 $2 ({White has to play} 63. Kg6 $18 Rg1+ 64. Kh7) 63... Re1+ $11 {The position is equal.} 64. Kd5 Rd1+ 65. Kc5 Rd7 {[#]} 66. h7 $1 {[%mdl 512]} Rxh7 {( -> ...Rf7)} 67. Kd5 Kd3 68. Ke6 Ke4 69. f7 Rh6+ 70. Ke7 Rh7 {Accuracy: White = 36%, Black = 55%.} 1/2-1/2

[Event "106th British-ch 2019"]
[Site "Torquay"]
[Date "2019.07.31"]
[Round "5.12"]
[White "Rocco, Federico"]
[Black "Lane, Gary W"]
[Result "0-1"]
[WhiteElo "2157"]
[BlackElo "2364"]
[Annotator "TA"]
[PlyCount "46"]
[EventDate "2019.07.27"]
[EventType "swiss"]
[EventCountry "GBR"]
[SourceTitle "playchess.com"]
[Source "ChessBase"]
[SourceQuality "1"]

{[%evp 17,76,15,23,18,18,-22,-27,-15,-6,-42,-18,-96,-97,-103,-67,-59,-66,-79,-94,-163,-163,-168,-168,-163,-171,-365,-358,-353,-329,-341,-304,-297,-310,-297,-295,-276,-291,-289,-287,-292,-290,-316,-346,-330,-279,-500,-490,-498,-493,-501,-506,-495,-489,-664,-657,-660,-646,-631,-518,-678,-671]} 1. e4 e5 2. Nf3 Nc6 3. Bb5 a6 4. Ba4 Nf6 5. d3 d6 6. c3 g6 7. O-O Bg7 8. Re1 O-O 9. Nbd2 b5 10. Bc2 {C77: Ruy Lopez: 3...a6 4 Ba4 Nf6, unusual lines} Re8 (10... Bb7 11. Nf1 Nb8 12. d4 Nbd7 13. Ng3 Re8 14. a4 c6 15. Be3 Qc7 16. h3 exd4 17. cxd4 c5 {0-1 (65) McShane,L (2640)-Howell,D (2676) London 2017}) 11. d4 exd4 12. cxd4 {Black has an edge.} Bb7 13. Bb1 $146 ({Predecessor:} 13. b3 Nb4 14. Bb1 c5 15. a3 Nc6 16. d5 Nxd5 17. exd5 Bxa1 18. dxc6 Rxe1+ 19. Nxe1 Bxc6 {0-1 (45) Steel,H (2415)-Solomon,K (2353) Cape Town 2014}) 13... Na5 14. b3 (14. Bd3 $11) 14... c5 $17 15. Bb2 Nh5 16. Nf1 Nc6 17. Qd2 cxd4 18. Nxd4 (18. Bc2 $17) 18... Qf6 $19 {[%cal Rc6d4]} 19. Rd1 Nf4 {[#] White must now prevent ...Nxd4.} 20. Ng3 Rac8 {...Nxd4 is the strong threat.} 21. Bc2 $2 (21. Bd3) 21... Nxd4 22. Bxd4 Qxd4 23. Qxf4 Be5 {Played: Qd4-c5} 0-1

[Event "106th British-ch 2019"]
[Site "Torquay"]
[Date "2019.07.31"]
[Round "5.13"]
[White "Bates, Richard A"]
[Black "Holland, Chris Kd"]
[Result "1-0"]
[WhiteElo "2352"]
[BlackElo "2143"]
[Annotator "TA"]
[PlyCount "81"]
[EventDate "2019.07.27"]
[EventType "swiss"]
[EventCountry "GBR"]
[SourceTitle "playchess.com"]
[Source "ChessBase"]
[SourceQuality "1"]

{[%evp 14,81,42,0,7,0,1,-17,-22,-7,-8,-8,25,27,23,14,16,6,20,30,29,21,29,7,49,45,47,48,50,43,52,45,60,54,68,0,79,-39,-39,-42,-20,-62,-72,-60,16,16,75,67,91,79,130,50,105,101,108,122,127,123,514,504,457,447,1489,1386,1148,1148,1134,1107,1096,1044]} 1. d4 Nf6 2. Nf3 g6 3. g3 Bg7 4. c4 O-O 5. Bg2 d6 6. O-O Nc6 7. Nc3 Bf5 8. h3 Ne4 {E62: King's Indian: Fianchetto: 6...c6 and Panno Variation (6...Nc6) without ...a6} 9. Nd5 Bd7 (9... Nf6 10. Bg5 h6 11. Bxf6 exf6 12. Ne1 Re8 13. e3 Be4 14. Bxe4 Rxe4 15. b4 f5 16. b5 {1-0 (54) Morozevich,A (2722)-Chekhov,S (2477) Loo 2014}) 10. Ng5 Nxg5 {The position is equal.} 11. Bxg5 Re8 12. Be3 $1 Qc8 $146 ({Predecessor:} 12... e6 13. Nc3 Ne7 14. g4 Qc8 15. Qd2 a6 16. Rac1 f5 17. Bh6 Bc6 18. Bxg7 Bxg2 19. Qh6 fxg4 20. hxg4 Kf7 21. Qxh7 Bxf1 22. Bh6+ Kf6 23. Ne4# {1-0 (23) Bates,R (2369)-Whitfield,C (2121) Cardiff 2018}) 13. h4 e6 14. Nc3 Ne7 15. Bg5 h6 16. Bd2 Kh7 17. e3 Rb8 18. h5 Rf8 19. hxg6+ fxg6 20. Rc1 Qe8 21. Ne4 Nf5 22. Bc3 d5 23. Nc5 {[%cal Be4c5,Bc5d3,Bd3f4][%mdl 32]} Bc6 24. Bb4 (24. cxd5 $14 exd5 25. Nd3) 24... Rf7 (24... dxc4 $11 25. Nxe6 {[%mdl 64] Discovered Attack} Bxg2 26. Nxg7 Qe4) 25. Qg4 (25. cxd5 $16 exd5 26. Nd3) 25... b6 $15 26. Nd3 h5 27. Qh3 {Strongly threatening cxd5.} dxc4 28. Rxc4 Bd5 (28... Bb5 $15 29. Rfc1 Bxc4 30. Rxc4 Qa4) 29. Rcc1 $11 {e4 is the strong threat.} Nh6 (29... Bxg2 $11 {remains equal.} 30. Qxg2 e5) 30. Nf4 $16 Bxg2 31. Qxg2 (31. Nxg2 $6 e5 $11) 31... e5 (31... c5 $142) 32. dxe5 (32. Nh3 $1 $16) 32... Bxe5 ({Better is} 32... c5 $14) 33. Rc6 {Hoping for Re6.} Rf6 34. Rfc1 $1 {Black must now prevent Rxf6.} Rxc6 35. Rxc6 Rd8 $2 {[%mdl 8192]} (35... Bxf4 $16 36. gxf4 (36. exf4 Rc8 $16) 36... Qf7) 36. Qe4 $1 $18 {White is clearly winning.} Bxf4 {[#]} 37. Re6 $1 {[%cal Re6e8]} ({Not} 37. Qxe8 Rxe8 38. gxf4 (38. exf4 Rc8 $16) 38... Rc8 $16) 37... Qg8 ({Much weaker is} 37... Rd1+ {[#]} 38. Kg2 $1 {[%mdl 512]}) (37... Qf7 $142) 38. Re7+ Nf7 39. Qxf4 {[%mdl 64] Double Attack} Kg7 40. Bc3+ Kf8 41. Rxc7 {Accuracy: White = 64%, Black = 39%.} 1-0

[Event "106th British-ch 2019"]
[Site "Torquay"]
[Date "2019.07.31"]
[Round "5.14"]
[White "Modi, Shyam Jagdish"]
[Black "Bradbury, Neil H"]
[Result "0-1"]
[WhiteElo "2098"]
[BlackElo "2322"]
[Annotator "TA"]
[PlyCount "124"]
[EventDate "2019.07.27"]
[EventType "swiss"]
[EventCountry "GBR"]
[SourceTitle "playchess.com"]
[Source "ChessBase"]
[SourceQuality "1"]

{[%evp 25,124,33,39,35,39,26,61,50,87,86,79,87,86,79,77,82,81,87,90,70,65,47,75,75,105,54,52,0,93,65,87,70,75,65,73,66,74,61,101,85,88,18,77,-70,-64,-125,-62,-118,-66,-104,-68,-71,-73,-166,-196,-195,-197,-233,-226,-230,-238,-229,-197,-198,0,-510,-514,-544,-540,-504,-504,-905,-778,-11567,-6808,-5995,-916,-871,-651,-636,-629,-1377,-1902,-5059,-5169,-4712,-2662,-5289,-5203,-2164,-1968,-1118,-1094,-29972,-5506,-29977,-29977,-29992,-29969,-29969,-5177]} 1. d4 Nf6 2. c4 e6 3. g3 d5 4. Nf3 Be7 5. Bg2 O-O 6. O-O c6 7. Qc2 b6 8. Nbd2 Bb7 9. e4 dxe4 10. Nxe4 Nbd7 11. Rd1 Nxe4 12. Qxe4 Nf6 13. Qc2 Qc8 14. c5 {E09: Closed Catalan: Main Line: 7 Qc2 c6 8 Nbd2} Rd8 15. Bg5 bxc5 (15... h6 16. Bd2 Nd5 17. Rac1 Bf6 18. a3 Qc7 19. Qe4 Qe7 20. Bf1 Qf8 {½-½ (55) Oganian,M (2435)-Tishin,P (2426) Tula 2018}) 16. dxc5 {White is slightly better.} Qc7 17. Bf4 $146 ({Predecessor:} 17. a3 Rxd1+ 18. Rxd1 Rd8 19. b4 a5 20. Bf1 Qc8 21. Rxd8+ Qxd8 {0-1 (55) Hoerstmann,M (2312)-Schulz,J (2220) Germany 2015}) 17... Qc8 18. Ng5 Rxd1+ 19. Rxd1 h6 20. Ne4 Nd5 21. Bd6 Bd8 22. Nc3 a5 23. h4 Bf6 24. Ne4 Qd8 25. Bh3 (25. Qa4 $16) 25... Ba6 $14 26. Bg2 (26. Rd2 $14) 26... Bc8 (26... Bb7 $1 $11 {remains equal.}) 27. Qd2 Bd7 28. f4 a4 29. Be5 Be7 30. Qd4 Bf8 31. Bd6 Qa5 32. Bxf8 Rxf8 33. Nc3 (33. a3 $16) 33... Rb8 $11 34. Nxd5 (34. a3 $16) 34... exd5 $15 35. Rd2 (35. Bf1 $15) 35... Re8 ({Black should try} 35... Rb5 $17 36. Rc2 Bf5) 36. Kh2 (36. Kf2 $15) 36... Bf5 (36... Re1 $17 37. Qf2 Rc1) 37. Bf3 Qb5 38. Qf2 Bd3 39. Kg2 (39. Bd1 $17) 39... Be4 40. Bxe4 Rxe4 $19 {[%mdl 4096] Endgame KQR-KQR} 41. f5 f6 42. Kh3 Qc4 43. a3 Qc1 44. Kg2 Qc4 $2 ({Better is} 44... Kh7 $19 45. Re2 Rxe2 46. Qxe2 Qxc5) 45. Kg1 $2 {[%mdl 8192]} (45. Kh3 $1 $11 {and White has nothing to worry.}) 45... d4 46. Rc2 Qd5 47. Re2 d3 48. Rd2 (48. Rxe4 $142 Qxe4 49. Kh2) 48... Qe5 {[#] And now ...Re1+ would win.} 49. Kf1 Re3 50. Qf4 Qxc5 (50... Re1+ $142 51. Kg2 Qd5+ 52. Kf2 Qh1 53. Qc4+ Kh7 54. Qxd3 Rg1) 51. Kg2 Qd5+ 52. Kf2 Re5 53. g4 Re4 54. Qf3 Qd4+ 55. Kg2 Rxg4+ 56. Kh3 Rxh4+ 57. Kg3 Re4 {( -> ...Qg1+)} 58. Rxd3 Qe5+ 59. Kh3 Rf4 (59... Re2 $142 60. Qxe2 Qxe2 61. Rd7 Qxb2 62. Rd3 c5 63. Rd6 c4 64. Re6 c3 65. Rc6 Qxa3 66. Kg4 Qb4+ 67. Kg3 a3 68. Ra6 c2 69. Rc6 a2 70. Kf3 a1=Q 71. Rc8+ Kh7 72. Rxc2 Qf1+ 73. Rf2 Qc3+ 74. Kg4 Qfh3+ 75. Kf4 Qh4#) 60. Rd8+ {[#]} Kh7 $1 {Black mates.} 61. Qd3 Re4 62. Kg2 Qxf5 {Accuracy: White = 30%, Black = 52%.} (62... Rg4+ $142 63. Kf2 Qh2+ 64. Ke3 Rg3+ 65. Kd4 Rxd3+ 66. Kxd3 Qxb2 67. Ra8 Qxa3+ 68. Kc4 Qb3+ 69. Kd4 a3 70. Kc5 h5 71. Kd6 h4 72. Kc7 h3 73. Rd8 h2 74. Rd7 h1=Q 75. Rd2 c5 76. Rd7 Qhb7+ 77. Kd8 Qa8+ 78. Ke7 Qe4+ {[%mdl 64] Double Attack} 79. Kf8 Qg8#) 0-1